Krízová komunikácia diplomová práca

Gespeichert in:
Bibliographische Detailangaben
1. Verfasser: Aczel, Alfonz
Körperschaft: Obchodná fakulta EU. Katedra marketingu
Weitere Verfasser: Loydlová, Miroslava
Format: Buch
Sprache:Slowakisch
Veröffentlicht: Bratislava 2015
Tags: Tag hinzufügen
Keine Tags, Fügen Sie das erste Tag hinzu!

MARC

LEADER 00000nbm a2200000 4500
001 0201448
005 20161212103927.8
041 0 |a slo 
044 |a SK 
245 1 0 |a Krízová komunikácia  |b diplomová práca  |c Alfonz Aczel ; školiteľ: Miroslava Loydlová 
264 1 |a Bratislava  |c 2015 
300 |a 69 s. 
100 1 |a Aczel, Alfonz 
700 1 |a Loydlová, Miroslava 
710 2 |a Obchodná fakulta EU. Katedra marketingu